| 000 | 00617nam a22001817a 4500 | ||
|---|---|---|---|
| 005 | 20251108164129.0 | ||
| 008 | 250721s1994 xx 000 0 ara d | ||
| 082 | 1 | 4 | _a218,51/زمخ |
| 100 | 1 | _aالزمخشري، جار الله أبو القاسم محمود ... | |
| 245 | 1 | 0 | _aأطواق الذهب في المواعظ و الخطب / |
| 264 | 1 |
_aبيروت : _bدار الكتب العلمية، _c1994. |
|
| 300 | _a166ص | ||
| 650 | 1 | 7 | _aالوعظ و الإرشاد |
| 650 | 1 | 7 | _aالخطب الدينية |
| 700 | 1 |
_aمحمد، أسماء أبو بكر _eتحقيق |
|
| 942 |
_2ddc _cBK |
||
| 999 |
_c4404 _d4404 |
||